Provinces d'Espagne - Statistiques

Statistiques générales
  • Ce quiz a été pris 64 fois
  • Le résultat moyen est 20 sur 50
Statistiques - réponses
Communauté autonome Province % Correct
Andalousie Province de Séville
84%
Communauté de Madrid Communauté de Madrid
79%
Catalogne Province de Barcelone
79%
Andalousie Province de Malaga
79%
Andalousie Province de Grenade
71%
Communauté valencienne Province de Valence
71%
Région de Murcie Région de Murcie
67%
Aragon Province de Saragosse
66%
Andalousie Province de Cadix
62%
Andalousie Province de Cordoue
60%
Andalousie Province de Jaén
53%
Cantabrie Cantabrie
52%
Castille-et-León Province de León
52%
Îles Canaries Province de Santa Cruz de Tenerife
48%
Castille-et-León Province de Valladolid
48%
Asturies Asturies
47%
Navarre Navarre
47%
Andalousie Province de Huelva
47%
Castille-La Manche Province de Tolède
47%
La Rioja La Rioja
45%
Catalogne Province de Tarragone
45%
Îles Canaries Province de Las Palmas
43%
Catalogne Province de Gérone
41%
Îles Baléares Îles Baléares
40%
Castille-et-León Province de Burgos
38%
Castille-et-León Province de Salamanque
38%
Aragon Province de Huesca
36%
Aragon Province de Teruel
34%
Estrémadure Province de Badajoz
33%
Communauté valencienne Province de Castellón
33%
Estrémadure Province de Cáceres
31%
Castille-La Manche Province de Ciudad Real
31%
Castille-La Manche Province de Cuenca
31%
Galice Province de La Corogne
31%
Catalogne Province de Lérida
31%
Communauté autonome du Pays basque Alava
28%
Castille-La Manche Province de Guadalajara
28%
Galice Province de Lugo
26%
Castille-et-León Province de Soria
26%
Castille-et-León Province de Ségovie
21%
Castille-et-León Province de Zamora
21%
Castille-et-León Province de Palencia
19%
Galice Province de Pontevedra
19%
Communauté autonome du Pays basque Biscaye
16%
Communauté autonome du Pays basque Guipuscoa
9%
Communauté valencienne Province d'Alicante
5%
Andalousie Province d'Almería
5%
Castille-et-León Province d'Ávila
5%
Castille-La Manche Province d'Albacete
3%
Galice Province d'Ourense
2%
Aucun quiz correspondant
Distribution des résultats
% des personnes avec chaque résultat
Percentile par nombre de réponses
Votre historique - résultats
Vous n’avez pas pris ce quiz